Quadrative Techniques: For Managers (Record no. 4809)

MARC details
005 - DATE AND TIME OF LATEST TRANSACTION
control field 20250624100423.0
020 ## - INTERNATIONAL STANDARD BOOK NUMBER
International Standard Book Number 81-7446-366-6
082 ## - DEWEY DECIMAL CLASSIFICATION NUMBER
Classification number 519.5MIS
100 ## - MAIN ENTRY--PERSONAL NAME
Author name MISHRA. P. N.
245 ## - TITLE STATEMENT
Title Quadrative Techniques: For Managers
260 ## - PUBLICATION, DISTRIBUTION, ETC.
Place of publication, distribution, etc. New Delhi,
Name of publisher, distributor, etc. JAIN. A,
Date of publication, distribution, etc. 2001.
300 ## - PHYSICAL DESCRIPTION
Extent 695p,; ill, figure & table
Other physical details Appendix
Dimensions 24cm
942 ## - ADDED ENTRY ELEMENTS (KOHA)
Source of classification or shelving scheme Dewey Decimal Classification
Koha item type Books
Holdings
Date last seen Total checkouts Full call number Barcode Cost, replacement price Price effective from Koha item type Lost status Source of classification or shelving scheme Damaged status Not for loan Withdrawn status Home library Current library Shelving location Date acquired Cost, normal purchase price
06/24/2025   519.5MIS DOM0001838 30000.00 06/24/2025 Books   Dewey Decimal Classification       CBE Dodoma CBE Dodoma Special Reserve Collection 02/08/2007 10000.00